The Earth as transformed by human action : global and regional changes in the biosphere over the past 300 years /

Distintos aspectos afectados por la influencia humana se contrastan a nivel global y regional.

Kaydedildi:
Detaylı Bibliyografya
Diğer Yazarlar: Turner, B.L. (autor) (autor)
Materyal Türü: Kitap
Dil:İngilizce
Baskı/Yayın Bilgisi: Nueva York, EUA : Cambridge University, 1995, c1990
Konular:
Etiketler: Etiketle
Etiket eklenmemiş, İlk siz ekleyin!

MARC

LEADER 00000nam^a2200000^a^4500
001 000049971
005 20250521000000.0
009 20260310090226.043
020 |a 0-521-44630-9 
037 |a Acervo ITESO - Biblioteca 
041 |a ING 
082 |a 574. 5  |b EAR 
245 1 4 |a The Earth as transformed by human action :  |b global and regional changes in the biosphere over the past 300 years /  |c B.L. Turner...[et al.]. 
264 4 |a Nueva York, EUA :  |b Cambridge University,  |c 1995, c1990 
300 |a 713 p. 
336 |a texto  |b txt  |2 rdacontenido 
337 |a sin mediación  |b n  |2 rdamedio 
338 |a volumen  |b nc  |2 rdasoporte 
520 |a Distintos aspectos afectados por la influencia humana se contrastan a nivel global y regional. 
649 |a XX 
650 |a Ecología 
650 |a Biología 
650 |a Ecología Social 
650 |a Contaminación Ambiental 
650 |a Recursos Naturales 
650 |a Conservación y Protección Ambiental 
650 |a Población 
650 |a Sociología 
700 |a Turner, B.L.  |e (autor) 
910 |a Fondo General 
920 |a Impresos - Libros 
930 |a Colección General 
905 |a 101 
901 |a 0500005871  |b IT1  |c ACC  |u 20250521 
902 |a https://opac.biblio.iteso.mx/vufind/Record/000049971